000 01067cam a2200313 a 4500
001 2673
003 BD-RjUL
005 20211208233611.0
008 131212r19641955at b a010 0 eng d
035 _a(BD-RjUL)2700
035 _a(BD-RjUL)
040 _aSNB
_beng
_cSNB
_dSNB
_dWaOLN
_dDLC
_dBD-RjUL)
041 _aeng
082 0 4 _a330.9595
_218
082 0 4 _a330.9595
_218
082 0 4 _a330.9595
_219
082 0 4 _a330.9595
_219
110 2 _aWorld Bank.
_9156505
245 1 4 _aThe economic development of Malaya :
_breport of a mission organized ... at the request of the governments of the Federation of Malaya, the Crown Colony of Singapore and the United Kingdom.
260 _aBaltimore :
_bThe Johns Hopkins Press
_cc1955. [Reprent 1964]
300 _axx, 520 p. :
_bmaps (some col.) ;
_c26 cm.
500 _aSome folded maps.
500 _aIncludes index.
651 0 _aMalaya
_xEconomic conditions.
_98377
651 0 _aMalaya
_xEconomic policy.
_98615
651 0 _aMalaya
_xSocial conditions.
_98616
942 _2ddc
_cBK
999 _c2673
_d2673